[Event "4NCL"]
[Site "De Vere, Sunningdale, ENG"]
[Date "2011.02.20"]
[Round "6.40"]
[White "Grainger, Benjamin P"]
[Black "Taylor, Adam A"]
[Result "1/2-1/2"]
[WhiteElo "1802"]
[BlackElo "1828"]
[PlyCount "97"]
[EventDate "2011.??.??"]
[WhiteTeam "FCA Solutions 2"]
[BlackTeam "Guildford A&DC 3"]

1. Nf3 c5 2. g3 Nf6 3. Bg2 g6 4. d3 d5 5. O-O Bg7 6. Nbd2 Nc6 7. c4 O-O 8. a3
h6 9. Rb1 a5 10. Re1 Be6 11. cxd5 Bxd5 12. Nc4 b5 13. Ne3 Ba2 14. Ra1 Be6 15.
Ng5 hxg5 16. Bxc6 Rb8 17. Qc2 Qd6 18. Bg2 g4 19. a4 Nd5 20. Nxd5 Bxd5 21. Bxd5
Qxd5 22. axb5 Rxb5 23. Qc4 Qxc4 24. dxc4 Rb4 25. Rxa5 Rxc4 26. Be3 Rc8 27. b3
Rc2 28. Rc1 Rxc1+ 29. Bxc1 c4 30. bxc4 Rxc4 31. Be3 Bd4 32. Bxd4 Rxd4 33. Re5
e6 34. Kg2 Kg7 35. Ra5 Rb4 36. Rc5 Rb2 37. Kf1 Rb1+ 38. Kg2 Rb2 39. Kf1 Rb1+
40. Kg2 Rb2 41. Re5 Kf6 42. Re4 e5 43. Rxg4 Rxe2 44. Ra4 Kf5 45. g4+ Kg5 46.
Kg3 f5 47. h4+ Kh6 48. g5+ Kg7 49. Ra7+ 1/2-1/2

[Event "4NCL"]
[Site "De Vere, Sunningdale, ENG"]
[Date "2011.02.20"]
[Round "6.40"]
[White "Galer, Sebastian E"]
[Black "Shaw, John S"]
[Result "1-0"]
[WhiteElo "1890"]
[BlackElo "1874"]
[PlyCount "81"]
[EventDate "2011.??.??"]
[WhiteTeam "Guildford A&DC 3"]
[BlackTeam "FCA Solutions 2"]

1. e4 c5 2. Nf3 Nc6 3. d4 cxd4 4. Nxd4 Nf6 5. Nc3 e5 6. Ndb5 d6 7. Bg5 a6 8.
Bxf6 gxf6 9. Na3 b5 10. Nd5 Bg7 11. c3 f5 12. exf5 Bxf5 13. Qf3 Be6 14. Nc2 O-O
15. Nf4 exf4 16. Qxc6 Bd7 17. Qf3 Re8+ 18. Kd2 a5 19. a3 Qb6 20. Bd3 d5 21.
Rae1 d4 22. Rxe8+ Rxe8 23. cxd4 Bxd4 24. Qd5 Bxf2 25. Qxd7 Be3+ 26. Nxe3 Qxe3+
27. Kc2 Re7 28. Qg4+ Kf8 29. Qf3 Qc5+ 30. Kb1 Re3 31. Qa8+ Kg7 32. Rc1 Qe5 33.
Bc2 Re2 34. Qxa5 Rxg2 35. Qc3 Qxc3 36. bxc3 Rxh2 37. Rf1 Rh3 38. Kb2 f3 39. Kb3
h5 40. Bd1 h4 41. Bxf3 1-0

[Event "4NCL"]
[Site "De Vere, Sunningdale, ENG"]
[Date "2011.02.20"]
[Round "6.41"]
[White "Adams, Mark A"]
[Black "Booley, Graham M"]
[Result "1/2-1/2"]
[WhiteElo "2040"]
[BlackElo "1790"]
[PlyCount "68"]
[EventDate "2011.??.??"]
[WhiteTeam "The Full Ponty"]
[BlackTeam "e2e4.org.uk 4"]

1. e4 e5 2. Nf3 Nc6 3. Bb5 a6 4. Ba4 Nf6 5. d3 b5 6. Bb3 Be7 7. c3 d6 8. h3 O-O
9. Nbd2 h6 10. O-O Re8 11. Re1 Bf8 12. Nf1 Ne7 13. Ng3 Ng6 14. a4 Be6 15. d4 c5
16. Bxe6 fxe6 17. dxe5 dxe5 18. axb5 axb5 19. Rxa8 Qxa8 20. Qb3 Qc6 21. c4 b4
22. Qc2 Rd8 23. Re2 Bd6 24. Rd2 Bc7 25. Rxd8+ Bxd8 26. Be3 Nd7 27. Qd2 Be7 28.
Ne1 Nf6 29. f3 Qa6 30. b3 Qd6 31. Qxd6 Bxd6 32. Nd3 Nd7 33. Ne2 Kf7 34. g3 Ne7
1/2-1/2

[Event "4NCL"]
[Site "De Vere, Sunningdale, ENG"]
[Date "2011.02.20"]
[Round "6.41"]
[White "Dias, Theodore R"]
[Black "Davis, Lee"]
[Result "0-1"]
[WhiteElo "1780"]
[BlackElo "1974"]
[PlyCount "82"]
[EventDate "2011.??.??"]
[WhiteTeam "e2e4.org.uk 4"]
[BlackTeam "The Full Ponty"]

1. e4 d6 2. d4 Nf6 3. Nc3 g6 4. f3 c6 5. Be3 b5 6. a3 Bg7 7. Qd2 Bb7 8. g4 a5
9. Bh6 Bxh6 10. Qxh6 e5 11. d5 b4 12. dxc6 Nxc6 13. axb4 axb4 14. Rxa8 Bxa8 15.
Nd5 Nxd5 16. exd5 Nd4 17. c3 bxc3 18. bxc3 Qa5 19. Qd2 Nb3 20. Qb2 Bxd5 21. Kf2
O-O 22. c4 Bxc4 23. Bxc4 Qc5+ 24. Kg2 Qxc4 25. Ne2 Rc8 26. Rb1 Nd4 27. Rc1 Nc2
28. Kf2 Qd3 29. Qb6 d5 30. h4 Rf8 31. h5 d4 32. Qc6 Qe3+ 33. Kf1 d3 34. Rxc2
dxc2 35. Qxc2 Qxf3+ 36. Ke1 Qxg4 37. h6 Qh4+ 38. Kf1 Qxh6 39. Qb2 Qh1+ 40. Ng1
Qe4 41. Nh3 Rd8 0-1

[Event "4NCL"]
[Site "De Vere, Sunningdale, ENG"]
[Date "2011.02.20"]
[Round "6.41"]
[White "Perrett, David C"]
[Black "Waddingham, Paul J"]
[Result "1-0"]
[WhiteElo "1961"]
[BlackElo "1664"]
[PlyCount "65"]
[EventDate "2011.??.??"]
[WhiteTeam "The Full Ponty"]
[BlackTeam "e2e4.org.uk 4"]

1. d4 f5 2. g3 Nf6 3. Bg2 e6 4. Nc3 d6 5. Qd3 Nc6 6. e4 e5 7. d5 Nd4 8. Be3
fxe4 9. Nxe4 Nf5 10. Bd2 Bd7 11. Ne2 a6 12. O-O Be7 13. Nxf6+ Bxf6 14. Be4 g6
15. f4 c6 16. Bc3 Qb6+ 17. Kh1 Ne3 18. fxe5 Bxe5 19. Bxe5 dxe5 20. Bxg6+ Kd8
21. dxc6 bxc6 22. Rf7 Ra7 23. Be4 Ke8 24. Rf3 Qxb2 25. Re1 Ng4 26. Nc3 Qb6 27.
Rb1 Qc7 28. Rbf1 Qb6 29. Qd6 Bf5 30. Bxc6+ Rd7 31. Rxf5 Qxc6+ 32. Qxc6 Ne3 33.
Qc8+ 1-0

[Event "4NCL"]
[Site "De Vere, Sunningdale, ENG"]
[Date "2011.02.20"]
[Round "6.41"]
[White "Fowler, David J"]
[Black "Davies, Peter L"]
[Result "0-1"]
[WhiteElo "1719"]
[BlackElo "1995"]
[PlyCount "68"]
[EventDate "2011.??.??"]
[WhiteTeam "e2e4.org.uk 4"]
[BlackTeam "The Full Ponty"]

1. e4 c5 2. Nc3 g6 3. f4 Bg7 4. Nf3 Nc6 5. Bb5 Nd4 6. d3 Nxf3+ 7. gxf3 a6 8.
Bc4 d6 9. Qe2 e6 10. Be3 Ne7 11. Bb3 O-O 12. h4 h5 13. f5 Nc6 14. fxg6 fxg6 15.
Qg2 Ne5 16. f4 Ng4 17. Bd2 Bd7 18. Ke2 Qe8 19. Raf1 Kh8 20. Kd1 Rc8 21. Rh3 b5
22. a3 a5 23. Kc1 Bc6 24. Qe2 b4 25. axb4 axb4 26. Na2 Ba4 27. Kb1 Bxb3 28.
cxb3 Ra8 29. Nc1 Qd8 30. d4 Bxd4 31. Nd3 Qa5 32. Kc2 Qa2 33. Rb1 c4 34. Nc1
cxb3+ 0-1

[Event "4NCL"]
[Site "De Vere, Sunningdale, ENG"]
[Date "2011.02.20"]
[Round "6.41"]
[White "Roberts, Lynda"]
[Black "Homer, Neil S"]
[Result "1-0"]
[WhiteElo "1976"]
[BlackElo "1673"]
[PlyCount "140"]
[EventDate "2011.??.??"]
[WhiteTeam "The Full Ponty"]
[BlackTeam "e2e4.org.uk 4"]

1. e4 c6 2. d3 d5 3. Nd2 Nf6 4. g3 dxe4 5. dxe4 e5 6. Ngf3 Bg4 7. Bg2 Be7 8.
O-O Nbd7 9. Qe1 Bxf3 10. Bxf3 O-O 11. Nc4 Qc7 12. b3 Ne8 13. Bb2 f6 14. a4 Nd6
15. Qe2 Nxc4 16. Qxc4+ Kh8 17. Rfd1 Nb6 18. Qe2 Rad8 19. Bg4 Rxd1+ 20. Rxd1 Rd8
21. Kg2 Rxd1 22. Qxd1 Qd6 23. Qxd6 Bxd6 24. a5 Na8 25. Bc8 b5 26. Bb7 Nc7 27.
Bxc6 Bb4 28. a6 Bc5 29. Bc1 b4 30. Bb7 Kg8 31. Bd5+ Kf8 32. Bc4 Ke7 33. f4 exf4
34. gxf4 Kd6 35. Kf3 Kc6 36. Be3 Bxe3 37. Kxe3 Kc5 38. Kd3 Ne8 39. e5 fxe5 40.
fxe5 g5 41. Ke4 Ng7 42. Bf7 h6 43. h3 h5 44. Bg6 g4 45. hxg4 hxg4 46. Kf4 Kd4
47. Kxg4 Kxe5 48. Kf3 Ne6 49. Ke3 Nc5 50. Bd3 Ne6 51. Bc4 Nc5 52. Bf1 Kd5 53.
Bg2+ Ke5 54. Bb7 Nd7 55. Kd3 Nb6 56. Bh1 Ke6 57. Kd4 Kd6 58. Bg2 Kc7 59. Kc5
Nd7+ 60. Kxb4 Kb6 61. Bb7 Ne5 62. c3 Nd3+ 63. Kc4 Ne5+ 64. Kd5 Nd3 65. Kd4 Nc5
66. b4 Ne6+ 67. Kd5 Nd8 68. c4 Nxb7 69. axb7 Kxb7 70. Kd6 Kc8 1-0

[Event "4NCL"]
[Site "De Vere, Sunningdale, ENG"]
[Date "2011.02.20"]
[Round "6.41"]
[White "Dean, Michael"]
[Black "Dixon, Chris"]
[Result "*"]
[WhiteElo "1641"]
[BlackElo "1876"]
[PlyCount "59"]
[EventDate "2011.??.??"]
[WhiteTeam "e2e4.org.uk 4"]
[BlackTeam "The Full Ponty"]

1. e4 d6 2. d4 Nf6 3. Nc3 g6 4. f4 Bg7 5. Nf3 c5 6. Bb5+ Bd7 7. Bxd7+ Qxd7 8.
O-O cxd4 9. Nxd4 O-O 10. Nf3 Qc7 11. Qe1 e6 12. Qh4 Qc5+ 13. Kh1 Nc6 14. f5 Qc4
15. Bg5 Nd7 16. f6 Bh8 17. h3 b5 18. Nd2 Qc5 19. Qh6 b4 20. Na4 Qa5 21. b3 Nd4
22. Rf4 Rfc8 23. Rh4 Nf8 24. Rf1 Rxc2 25. Be3 Rac8 26. Bxd4 Rc1 27. Rxc1 Rxc1+
28. Kh2 Bxf6 29. Rf4 Qd8 30. Bxf6 {Scoresheets illegible} *

[Event "4NCL"]
[Site "De Vere, Sunningdale, ENG"]
[Date "2011.02.20"]
[Round "6.42"]
[White "Malhotra, Tarun"]
[Black "Tandy, Chris"]
[Result "0-1"]
[WhiteElo "1926"]
[BlackElo "2166"]
[PlyCount "60"]
[EventDate "2011.??.??"]
[WhiteTeam "AMCA Hippos"]
[BlackTeam "Channel Isolani"]

1. e4 e5 2. Nf3 Nc6 3. Bb5 f5 4. Nc3 Nd4 5. exf5 c6 6. Nxe5 Qg5 7. Bd3 Qxg2 8.
Be4 Qh3 9. Qg4 Qxg4 10. Nxg4 d5 11. Bd3 g6 12. Ne2 Nf3+ 13. Kd1 gxf5 14. Ne3
Nh6 15. Ng1 Nxg1 16. Rxg1 f4 17. Nf1 Bc5 18. Rg7 Bxf2 19. Rxh7 Bg4+ 20. Be2
Rxh7 21. Bxg4 Nxg4 22. d3 Re7 23. Bd2 Ne3+ 24. Nxe3 fxe3 25. Ke2 exd2+ 26. Kxf2
Kd7 27. Rd1 Rf8+ 28. Kg2 Re2+ 29. Kg3 Rff2 30. Rg1 Rg2+ 0-1

[Event "4NCL"]
[Site "De Vere, Sunningdale, ENG"]
[Date "2011.02.20"]
[Round "6.42"]
[White "Carpenter, Richard"]
[Black "Tart, Peter K"]
[Result "1-0"]
[WhiteElo "1914"]
[BlackElo "1940"]
[PlyCount "73"]
[EventDate "2011.??.??"]
[WhiteTeam "Channel Isolani"]
[BlackTeam "AMCA Hippos"]

1. c4 b6 2. d4 e6 3. e4 Qh4 4. Nc3 Bb4 5. Bd3 Bb7 6. d5 Na6 7. Nf3 Qg4 8. O-O
Bxc3 9. bxc3 Nc5 10. h3 Qh5 11. Be3 Nxd3 12. Qxd3 d6 13. Nd4 Nf6 14. f3 O-O 15.
dxe6 fxe6 16. Nxe6 Rf7 17. a4 Re8 18. Nf4 Qa5 19. Nd5 Nxd5 20. cxd5 Ba6 21. c4
Qb4 22. Rfc1 Qa5 23. Qc3 Qxc3 24. Rxc3 c5 25. Bf2 Rd7 26. Re1 g5 27. h4 h6 28.
hxg5 hxg5 29. Bg3 Kf7 30. f4 Rde7 31. e5 gxf4 32. e6+ Kg6 33. Bxf4 Rd8 34. Rf1
Kh5 35. Rh3+ Kg4 36. Rg3+ Kh4 37. Kh2 1-0

[Event "4NCL"]
[Site "De Vere, Sunningdale, ENG"]
[Date "2011.02.20"]
[Round "6.42"]
[White "Shaw, Matthew H"]
[Black "Carpenter, Paul"]
[Result "0-1"]
[WhiteElo "1919"]
[BlackElo "1866"]
[PlyCount "104"]
[EventDate "2011.??.??"]
[WhiteTeam "AMCA Hippos"]
[BlackTeam "Channel Isolani"]

1. e4 c6 2. d4 d5 3. e5 Bf5 4. Nc3 e6 5. g4 Bg6 6. Nge2 Bb4 7. a3 Ba5 8. b4 Bc7
9. Nf4 Ne7 10. h4 h6 11. h5 Bh7 12. Bd3 Bxd3 13. Qxd3 Nd7 14. Na4 b6 15. O-O
Qb8 16. Rb1 Rg8 17. Qh7 Nf8 18. Qd3 f6 19. Re1 fxe5 20. dxe5 Bxe5 21. Qe3 Bxf4
22. Qxf4 Qxf4 23. Bxf4 Kd7 24. Re5 g5 25. Be3 Kd6 26. Bd4 Nd7 27. Re2 Rae8 28.
Rc1 Nc8 29. Nb2 c5 30. Bc3 d4 31. Bd2 e5 32. bxc5+ bxc5 33. Ba5 Ncb6 34. Bxb6
axb6 35. Nc4+ Kd5 36. Nd2 Rgf8 37. f3 c4 38. Kg2 Nc5 39. Rb1 Re6 40. Rb5 Kc6
41. Rb4 b5 42. Re1 Na6 43. Rbb1 c3 44. Ne4 Nc5 45. Rb4 Nxe4 46. Rxe4 Kc5 47.
Rbxd4 exd4 48. Rxe6 d3 49. cxd3 c2 50. d4+ Kxd4 51. Rc6 Kd3 52. Kf2 Kd2 0-1

[Event "4NCL"]
[Site "De Vere, Sunningdale, ENG"]
[Date "2011.02.20"]
[Round "6.42"]
[White "Brookfield, Toby N"]
[Black "Lawson, Maurice E"]
[Result "1-0"]
[WhiteElo "1793"]
[BlackElo "1832"]
[PlyCount "128"]
[EventDate "2011.??.??"]
[WhiteTeam "Channel Isolani"]
[BlackTeam "AMCA Hippos"]

1. f4 f5 2. e4 d6 3. Nc3 Nc6 4. Nf3 fxe4 5. Ng5 Nf6 6. Ncxe4 Bf5 7. Bd3 Nxe4 8.
Bxe4 Bxe4 9. Nxe4 Qd7 10. O-O e6 11. d4 O-O-O 12. d5 exd5 13. Qxd5 Be7 14. Bd2
Rhg8 15. b4 Rdf8 16. b5 Nd8 17. Rab1 Qe6 18. Qd4 b6 19. Rbe1 d5 20. Nc3 Bc5 21.
Qxc5 bxc5 22. Rxe6 Nxe6 23. Nxd5 Rd8 24. Ne7+ Kb7 25. Nxg8 Rxd2 26. Rf2 Rd1+
27. Rf1 Rd2 28. Rf2 Rd1+ 29. Rf1 Rxf1+ 30. Kxf1 Nxf4 31. Ne7 Kb6 32. g3 Ne6 33.
c4 a6 34. Nd5+ Ka5 35. bxa6 Kxa6 36. Ke2 Ka5 37. Kd3 Ka4 38. Ke4 c6 39. Nf4
Nxf4 40. gxf4 Kb4 41. Ke5 Kxc4 42. Kd6 Kb4 43. a3+ Kb5 44. a4+ Kb6 45. a5+ Kb5
46. a6 Kxa6 47. Kxc5 Kb7 48. Kd6 g6 49. h4 Kb6 50. h5 c5 51. hxg6 hxg6 52. Ke5
c4 53. Kf6 c3 54. Kxg6 c2 55. f5 c1=Q 56. f6 Qg1+ 57. Kh7 Qh2+ 58. Kg8 Qg3+ 59.
Kf8 Qd6+ 60. Kg7 Qd4 61. Kg6 Qg4+ 62. Kf7 Kc6 63. Kf8 Kd7 64. f7 Kd6 1-0

[Event "4NCL"]
[Site "De Vere, Sunningdale, ENG"]
[Date "2011.02.20"]
[Round "6.42"]
[White "Marley, Andrew"]
[Black "Smith, David"]
[Result "1-0"]
[WhiteElo "1854"]
[BlackElo "1726"]
[PlyCount "79"]
[EventDate "2011.??.??"]
[WhiteTeam "AMCA Hippos"]
[BlackTeam "Channel Isolani"]

1. d4 d5 2. Nf3 Nf6 3. c4 c6 4. e3 g6 5. Nc3 Bg7 6. Bd3 Bg4 7. O-O Bxf3 8. Qxf3
e6 9. b3 O-O 10. Bb2 Nbd7 11. Rfd1 Re8 12. e4 dxe4 13. Nxe4 Nxe4 14. Qxe4 Nf6
15. Qe3 Qc7 16. h3 Rad8 17. Rac1 Qb6 18. Be2 Qa5 19. Bc3 Qc7 20. Bf3 a6 21. Rd3
Rd7 22. Rcd1 Red8 23. a4 h6 24. d5 cxd5 25. Be5 Qc8 26. Bxf6 Bxf6 27. cxd5 Bg5
28. Qe5 exd5 29. Bxd5 Re7 30. Qd4 Rde8 31. h4 Re1+ 32. Rxe1 Rxe1+ 33. Kh2 Qc7+
34. g3 Be7 35. Rf3 Bc5 36. Qc4 Re7 37. Rf6 Kg7 38. Qc3 Kh7 39. Qf3 Bd6 40. Bxf7
1-0

[Event "4NCL"]
[Site "De Vere, Sunningdale, ENG"]
[Date "2011.02.20"]
[Round "6.43"]
[White "Mures, Cristian"]
[Black "Vas, Peter J"]
[Result "0-1"]
[WhiteElo "2260"]
[BlackElo "2293"]
[PlyCount "102"]
[EventDate "2011.??.??"]
[WhiteTeam "British Universities CA"]
[BlackTeam "UCL"]

1. d4 d5 2. c4 dxc4 3. Nc3 e6 4. e3 a6 5. a4 c5 6. Bxc4 Nf6 7. Nf3 Nc6 8. O-O
cxd4 9. Nxd4 Bd7 10. Nxc6 Bxc6 11. Qb3 Qc7 12. Re1 Bd6 13. h3 Rc8 14. e4 O-O
15. Bg5 Bh2+ 16. Kh1 Be5 17. f3 Nh5 18. Rac1 Ng3+ 19. Kg1 Bd4+ 20. Be3 Bxe3+
21. Rxe3 Bxa4 22. Nxa4 b5 23. Rcc3 bxc4 24. Qc2 Rfd8 25. f4 Nh5 26. g3 Nf6 27.
Qe2 Rd4 28. Rc2 Rcd8 29. Nc3 Qb6 30. Kg2 Rd3 31. Rxd3 cxd3 32. Qf2 Qxf2+ 33.
Rxf2 d2 34. Nd1 Nxe4 35. Re2 f5 36. Re3 Kf7 37. g4 a5 38. Kf3 Rd4 39. Ra3 a4
40. Ke3 Rb4 41. gxf5 exf5 42. Rd3 Kg6 43. Ke2 h6 44. Rd7 Rb3 45. Ra7 Rxh3 46.
Rxa4 h5 47. Ra6+ Kh7 48. Ra7 h4 49. Rd7 Rh1 50. Ne3 h3 51. Nxf5 d1=Q+ 0-1

[Event "4NCL"]
[Site "De Vere, Sunningdale, ENG"]
[Date "2011.02.20"]
[Round "6.43"]
[White "Ertbjerg, Andreas"]
[Black "Raoof, Adam N"]
[Result "0-1"]
[WhiteElo "2031"]
[BlackElo "2149"]
[PlyCount "50"]
[EventDate "2011.??.??"]
[WhiteTeam "UCL"]
[BlackTeam "British Universities CA"]

1. e4 Nc6 2. d4 d5 3. exd5 Qxd5 4. Nc3 Qxd4 5. Bd3 e5 6. Be3 Qd8 7. Qe2 Bb4 8.
Bd2 Nge7 9. O-O-O Be6 10. Nb5 Bd6 11. h4 a6 12. Nc3 Qd7 13. f3 f5 14. Nh3 h6
15. h5 Nd4 16. Qe1 c5 17. Nf2 b5 18. g4 b4 19. Ne2 Qa4 20. Nxd4 cxd4 21. a3
bxa3 22. b3 a2 23. Kb2 Rb8 24. Ka1 Bxb3 25. cxb3 Qxb3 0-1

[Event "4NCL"]
[Site "De Vere, Sunningdale, ENG"]
[Date "2011.02.20"]
[Round "6.43"]
[White "Chipanga, Takaedza"]
[Black "Sirisena, Chantal N"]
[Result "1-0"]
[WhiteElo "2140"]
[BlackElo "1961"]
[PlyCount "67"]
[EventDate "2011.??.??"]
[WhiteTeam "British Universities CA"]
[BlackTeam "UCL"]

1. d4 d5 2. c4 e6 3. g3 c6 4. Bg2 Nf6 5. Nf3 Nbd7 6. O-O Bd6 7. Qc2 O-O 8. Rd1
Qe7 9. Nbd2 e5 10. cxd5 cxd5 11. dxe5 Nxe5 12. Nxe5 Bxe5 13. Nf3 Bd6 14. Bg5
Be6 15. Nd4 h6 16. Bxf6 Qxf6 17. Qb3 Bc5 18. e3 Rfd8 19. Rd2 Bb6 20. h3 Rac8
21. Rad1 Rc4 22. a4 Rdc8 23. Nxe6 fxe6 24. Rxd5 Rc2 25. R5d2 Rxd2 26. Rxd2 Rc1+
27. Kh2 Ba5 28. Re2 b6 29. Qb5 Qd8 30. h4 Kf7 31. b4 Qd1 32. bxa5 Rc5 33. Qb2
Rxa5 34. Rc2 1-0

[Event "4NCL"]
[Site "De Vere, Sunningdale, ENG"]
[Date "2011.02.20"]
[Round "6.44"]
[White "Perez Carballo, Manuel"]
[Black "Burke, Steven J"]
[Result "1-0"]
[WhiteElo "2160"]
[BlackElo "2040"]
[PlyCount "81"]
[EventDate "2011.??.??"]
[WhiteTeam "Metropolitan"]
[BlackTeam "e2e4.org.uk 3"]

1. e4 e6 2. d4 d5 3. Nc3 Bb4 4. Qd3 Nc6 5. Nf3 Nf6 6. e5 Nd7 7. Be2 Be7 8. Be3
b6 9. O-O Bb7 10. a3 h6 11. Nd2 g6 12. f4 Ncb8 13. b4 c6 14. Bg4 Nf8 15. Ne2 h5
16. Bf3 Qd7 17. c4 a5 18. b5 cxb5 19. cxb5 Qd8 20. Rfc1 f5 21. Rc3 Qd7 22. Rac1
Bd8 23. Qb1 Rh7 24. g3 Rg7 25. h4 Nh7 26. Kg2 Kf8 27. R1c2 Kg8 28. a4 Qe7 29.
Nb3 Qb4 30. Qa2 Rd7 31. Bc1 Qe7 32. Ba3 Qf7 33. Bd6 Be7 34. Nc5 bxc5 35. dxc5
Bc6 36. Nd4 Bxd6 37. bxc6 Bxc5 38. Rxc5 Rc7 39. Nxe6 Nf8 40. Bxd5 Kh7 41. Ng5+
1-0

[Event "4NCL"]
[Site "De Vere, Sunningdale, ENG"]
[Date "2011.02.20"]
[Round "6.44"]
[White "Webster, Richard J"]
[Black "Dickson, George"]
[Result "1/2-1/2"]
[WhiteElo "1986"]
[BlackElo "2104"]
[PlyCount "64"]
[EventDate "2011.??.??"]
[WhiteTeam "e2e4.org.uk 3"]
[BlackTeam "Metropolitan"]

1. c4 Nf6 2. g3 g6 3. Bg2 Bg7 4. Nc3 O-O 5. d3 c5 6. Be3 d6 7. Qc1 Nc6 8. Nf3
Bd7 9. Bh6 Nd4 10. Bxg7 Kxg7 11. e3 Nxf3+ 12. Bxf3 Bc6 13. Bxc6 bxc6 14. O-O
Qd7 15. Kg2 e5 16. Qc2 h5 17. h4 Ng4 18. Ne2 Qe7 19. Ng1 d5 20. Rfe1 f5 21. Nf3
e4 22. Ng5 Rae8 23. dxe4 fxe4 24. Qa4 Ne5 25. b3 Rf5 26. Rad1 Rxg5 27. hxg5
Qxg5 28. cxd5 Qg4 29. dxc6 Qf3+ 30. Kg1 Qg4 31. Kg2 Qf3+ 32. Kg1 Qg4 1/2-1/2

[Event "4NCL"]
[Site "De Vere, Sunningdale, ENG"]
[Date "2011.02.20"]
[Round "6.44"]
[White "Vachtfeidl, Petr"]
[Black "van der Westhuizen, Charles V"]
[Result "0-1"]
[WhiteElo "2004"]
[BlackElo "1891"]
[PlyCount "100"]
[EventDate "2011.??.??"]
[WhiteTeam "Metropolitan"]
[BlackTeam "e2e4.org.uk 3"]

1. e4 e5 2. Nf3 Nc6 3. Bb5 f5 4. Nc3 fxe4 5. Nxe4 Nf6 6. Qe2 d5 7. Nxf6+ gxf6
8. d4 Bg7 9. dxe5 O-O 10. e6 Re8 11. Be3 Bxe6 12. O-O-O Qe7 13. Rhe1 Rad8 14.
Bxc6 bxc6 15. Nd4 Bd7 16. Qf3 Rb8 17. Nb3 Qf7 18. Kb1 Qg6 19. Qg3 Qxg3 20. hxg3
Kf7 21. Bxa7 Ra8 22. Bd4 Bf8 23. f3 Bf5 24. g4 Bg6 25. a3 Reb8 26. Kc1 Bd6 27.
Nc5 Bf4+ 28. Be3 Be5 29. Nb3 Bg3 30. Rf1 Re8 31. Bh6 Bd6 32. Rfe1 Bg3 33. Rxe8
Rxe8 34. Kd2 Be5 35. Kc1 f5 36. gxf5 Bxf5 37. Nd4 Bd7 38. f4 Bd6 39. c3 Kg6 40.
Rh1 Re4 41. g3 c5 42. Nf3 Bg4 43. Nd2 Re2 44. Bg5 h5 45. a4 c4 46. Rf1 Kf5 47.
Bh4 Bh3 48. Rd1 Bg4 49. b4 cxb3 50. Nxb3 Ba3+ 0-1

[Event "4NCL"]
[Site "De Vere, Sunningdale, ENG"]
[Date "2011.02.20"]
[Round "6.44"]
[White "Hewitt, Sean D"]
[Black "Calvert, D Ian"]
[Result "1/2-1/2"]
[WhiteElo "1923"]
[BlackElo "1973"]
[PlyCount "25"]
[EventDate "2011.??.??"]
[WhiteTeam "e2e4.org.uk 3"]
[BlackTeam "Metropolitan"]

1. e4 d5 2. exd5 Qxd5 3. Nf3 Bg4 4. Be2 Nc6 5. d4 O-O-O 6. Be3 e5 7. c4 Qa5+ 8.
Bd2 Bb4 9. d5 Bxf3 10. Bxf3 Nd4 11. Nc3 Qa6 12. b3 Qg6 13. O-O 1/2-1/2

[Event "4NCL"]
[Site "De Vere, Sunningdale, ENG"]
[Date "2011.02.20"]
[Round "6.44"]
[White "Geay, Charlotte"]
[Black "Livesey, R Nigel"]
[Result "1/2-1/2"]
[WhiteElo "1790"]
[BlackElo "1880"]
[PlyCount "40"]
[EventDate "2011.??.??"]
[WhiteTeam "Metropolitan"]
[BlackTeam "e2e4.org.uk 3"]

1. e4 Nf6 2. e5 Nd5 3. d4 d6 4. exd6 exd6 5. c4 Nb6 6. Bd3 Nc6 7. Nf3 Bg4 8.
Be3 Be7 9. Nbd2 O-O 10. a3 Bf6 11. Qc2 h6 12. O-O d5 13. c5 Nc8 14. h3 Be6 15.
Qb3 Rb8 16. Bb5 N8e7 17. g4 Qc8 18. Kh2 Ng6 19. Rg1 Nge7 20. Qc2 Rd8 1/2-1/2

[Event "4NCL"]
[Site "De Vere, Sunningdale, ENG"]
[Date "2011.02.20"]
[Round "6.45"]
[White "Vikanis, Georgs"]
[Black "Kitchen, Peter J"]
[Result "1-0"]
[WhiteElo "2042"]
[BlackElo "1866"]
[PlyCount "43"]
[EventDate "2011.??.??"]
[WhiteTeam "Banbury Bulldogs"]
[BlackTeam "Celtic Tigers 2"]

1. Nf3 d5 2. c4 e6 3. d4 Nf6 4. Nc3 Be7 5. Bf4 O-O 6. e3 c5 7. cxd5 exd5 8. Bd3
a6 9. dxc5 Bxc5 10. O-O Nc6 11. Rc1 Bd6 12. Bg5 Be6 13. Bb1 Be7 14. Nd4 Nxd4
15. Qxd4 Rc8 16. Qh4 g6 17. Rcd1 Rc4 18. Ne4 Bf5 19. Bxf6 Bxe4 20. Bxe7 Bxb1
21. Bxd8 Rxh4 22. Bxh4 1-0

[Event "4NCL"]
[Site "De Vere, Sunningdale, ENG"]
[Date "2011.02.20"]
[Round "6.45"]
[White "Price, Michael C"]
[Black "Vikanis, Egils"]
[Result "1-0"]
[WhiteElo "1738"]
[BlackElo "1882"]
[PlyCount "69"]
[EventDate "2011.??.??"]
[WhiteTeam "Celtic Tigers 2"]
[BlackTeam "Banbury Bulldogs"]

1. e4 e5 2. Nf3 Nc6 3. Bb5 d6 4. d4 exd4 5. Nxd4 Bd7 6. Nxc6 bxc6 7. Bd3 Nf6 8.
c4 Be7 9. Nc3 O-O 10. O-O Ng4 11. Be2 Ne5 12. f4 Ng6 13. Be3 f5 14. Qd2 Bf6 15.
Bd3 Bxc3 16. Qxc3 Qe7 17. Rae1 fxe4 18. Bc2 c5 19. a3 a5 20. Qd2 Bf5 21. h3 Nh4
22. Bd1 Qf7 23. g4 Bd7 24. b3 a4 25. Qc3 Rfb8 26. b4 cxb4 27. axb4 a3 28. Bf2
a2 29. Be2 Nf3+ 30. Bxf3 exf3 31. Bd4 Ra4 32. Rxf3 Rbxb4 33. Rfe3 Rxc4 34. Qb3
Rxd4 35. Re8+ 1-0

[Event "4NCL"]
[Site "De Vere, Sunningdale, ENG"]
[Date "2011.02.20"]
[Round "6.46"]
[White "Deswarte, Ian"]
[Black "Kalid, Raphael"]
[Result "1/2-1/2"]
[WhiteElo "1876"]
[BlackElo "1826"]
[PlyCount "78"]
[EventDate "2011.??.??"]
[WhiteTeam "Guildford A&DC 4"]
[BlackTeam "KJCA Knights"]

1. e4 e5 2. Nf3 Nc6 3. Bb5 Nf6 4. Qe2 Bc5 5. O-O O-O 6. d3 Re8 7. c3 h6 8. Nbd2
Bb6 9. h3 d6 10. Rd1 a6 11. Ba4 Ba7 12. Nf1 b5 13. Bc2 Be6 14. Ne3 Bd7 15. Nh2
Ne7 16. Nhg4 Ng6 17. Nxf6+ Qxf6 18. Nd5 Qd8 19. Bb3 c6 20. Ne3 Qf6 21. Nf1 Nf4
22. Bxf4 exf4 23. Qf3 g5 24. d4 Re7 25. Rd2 Rae8 26. Bc2 Kg7 27. Rad1 Bc8 28.
Nh2 Rh8 29. b3 h5 30. g4 hxg4 31. Nxg4 Bxg4 32. Qxg4 Qh6 33. Qg2 f3 34. Qg3 Qe6
35. Qxf3 Rxh3 36. Qg2 Rxc3 37. f4 Rh3 38. Rd3 Rh5 39. Rg3 f6 1/2-1/2

[Event "4NCL"]
[Site "De Vere, Sunningdale, ENG"]
[Date "2011.02.20"]
[Round "6.46"]
[White "Balendran, Baven"]
[Black "Armour, Philip"]
[Result "0-1"]
[WhiteElo "1818"]
[BlackElo "1826"]
[PlyCount "126"]
[EventDate "2011.??.??"]
[WhiteTeam "KJCA Knights"]
[BlackTeam "Guildford A&DC 4"]

1. e4 Nf6 2. e5 Nd5 3. d4 d6 4. Nf3 dxe5 5. dxe5 Bg4 6. h3 Bxf3 7. Qxf3 e6 8.
a3 c6 9. Bd3 Nd7 10. Qg3 Qc7 11. f4 Nc5 12. c4 Nxd3+ 13. Qxd3 Ne7 14. b4 h5 15.
O-O Rd8 16. Qc2 h4 17. Nc3 Nf5 18. Rd1 Be7 19. Rxd8+ Qxd8 20. Bb2 Qd4+ 21. Qf2
Qxf2+ 22. Kxf2 c5 23. b5 g5 24. fxg5 Bxg5 25. Ne4 Be7 26. Rd1 Rg8 27. a4 Ng3
28. Nd6+ Bxd6 29. exd6 Kd7 30. Kf3 Nf5 31. a5 Rg3+ 32. Kf2 Ne3 33. Rc1 Rxg2+
34. Kxe3 Rxb2 35. Rf1 Rb3+ 36. Ke4 f5+ 37. Ke5 Rxh3 38. Rg1 Rg3 39. Rh1 Rg4 40.
a6 b6 41. Re1 Re4+ 42. Rxe4 fxe4 43. Kxe4 Kxd6 44. Kf4 h3 45. Kg3 Ke5 46. Kxh3
Kd4 47. Kg3 Kxc4 48. Kf4 Kxb5 49. Ke4 Kxa6 50. Kd3 Kb5 51. Kc3 a5 52. Kb3 a4+
53. Ka3 e5 54. Ka2 e4 55. Kb2 e3 56. Kc2 a3 57. Kb3 e2 58. Kxa3 e1=Q 59. Ka2
Qg3 60. Kb2 Kc4 61. Ka1 Qh2 62. Kb1 Kb3 63. Ka1 Qg1# 0-1

[Event "4NCL"]
[Site "De Vere, Sunningdale, ENG"]
[Date "2011.02.20"]
[Round "6.46"]
[White "Ward, Matthew J"]
[Black "Davis, Alexei"]
[Result "1-0"]
[WhiteElo "1787"]
[BlackElo "1770"]
[PlyCount "41"]
[EventDate "2011.??.??"]
[WhiteTeam "Guildford A&DC 4"]
[BlackTeam "KJCA Knights"]

1. d4 e6 2. c4 b6 3. Nc3 Bb7 4. e4 Bb4 5. Bd3 Nf6 6. f3 Qe7 7. Nge2 c5 8. Be3
d6 9. O-O Bxc3 10. Nxc3 Nc6 11. d5 exd5 12. cxd5 Nb4 13. Bb5+ Kf8 14. Re1 Rd8
15. a3 Na6 16. Qa4 Nb8 17. Qxa7 Qc7 18. Bg5 Nbd7 19. Bc6 Rb8 20. Nb5 Qd8 21.
Bxb7 1-0